00229nam a22000977a 4500008004100000082001100041245004500052260000900097300001000106440001500116180806b xxu||||| |||| 00| 0 eng d a813.52 aMusicianship in the Digital AgecThomson c2005 a1fCD x1592009832